Estadísticas para Películas de Oliver Stone

Haz click aquí para intentar la prueba.

Estadísticas generales

  • Esta prueba ha sido intentada 19 veces
  • La puntuación promedio es 5 de 20

Estadísticas de respuestas

AñoRepartoPelícula% Correcto
1986Charlie Sheen, Willem DafoePlatoon
76%
2008Josh Brolin, Elizabeth BanksW
71%
1987Charlie Sheen, Michael DouglasWall Street
65%
2010Michael Douglas, Shia LabeufWall Street: El Dinero Nunca Duerme
65%
1991Kevin Costner, Tommy Lee JonesJFK: Caso Abierto
53%
1988Tom Cruise, Willem DafoeNacido el Cuatro de Julio
41%
1994Woody Harrelson, Juliette LewisAsesinos Natos
29%
2004Colin Farrell, Angelina JolieAlejandro Magno
24%
2012Blake Lively, Aaron Taylor JohnsonSalvajes
18%
1997Sean Penn, Jennifer LopezGiro al Infierno
12%
1986James Woods, Jim BelushiSalvador
12%
1991Val Kilmer, Meg RyanThe Doors
12%
1999Al Pacino, Jamie FoxxUn Domingo Cualquiera
12%
2016Joseph Gordon Levitt, Nicolas CageSnowden
6%
2006Nicolas Cage, Michael PeñaWorld Trade Center
6%
1993Tommy Lee Jones, Joan ChenEl Cielo y La Tierra
0%
1988Alec Baldwin, John C McGinleyHablando con la Muerte
0%
1981Michael Caine, Bruce McGillLa Mano
0%
1995Anthony Hopkins, James WoodsNixon
0%
1974Jonathan Frid, Martine BeswickSeizure
0%

Distribución de puntuación

Porcentaje por número respondido

Porcentaje de gente con cada puntuación

Historial de tus puntuaciones

No has intentado esta prueba.